Statistiques concernant Un résumé = un western

Cliquez ici pour prendre le quiz!

Statistiques générales

  • Ce quiz a été pris 36 fois
  • Le résultat moyen est 10 sur 20

Statistiques - réponses

RésuméRéalisateurAnnée de sortieRéponse% Correct
Trois individus aux moralités opposées s'engagent dans une course effrénée pour mettre la main sur un trésor légendaire caché pendant la Guerre de Sécession, où chaque coup bas et alliance fragiles les mène au bord de l'anéantissement dans un Far West impitoyable.Sergio Leone1966Le Bon, la Brute et le Truand
100%
Dans un désert sans loi, un étranger peu bavard se baladant avec un cercueil déclenche un tourbillon de violence en aidant une veuve opprimée à se venger de l'homme qui a assassiné son mari, défiant ainsi un tyran impitoyable et son armée de hors-la-loi dans un récit de justice impromptue et de rédemption.Sergio Corbucci1966Django
83%
Dans un Ouest sauvage où règnent la vengeance et la cupidité, les destins de plusieurs personnages se croisent : une veuve cherchant justice, un hors-la-loi impitoyable et un mystérieux étranger, tous liés par un passé obscur et une quête de pouvoir et de rédemption.Sergio Leone1968Il était une fois dans l'ouest
83%
Un esclave affranchi devient un chasseur de primes redoutable, se lançant dans une quête de vengeance et de justice dans le Sud profond, où les balles et les explosions de dynamite résonnent dans un ballet mortel de rétribution et de liberté retrouvée.Quentin Tarantino2012Django Unchained
73%
Dans les derniers jours du Far West, un ancien hors-la-loi vieillissant est tiré de sa retraite par une offre de récompense alléchante, mais il se retrouve confronté à ses propres démons alors qu'il traque un groupe de criminels impitoyables, dans un récit où la violence et la moralité s'entremêlent de manière brutale.Clint Eastwood1992Impitoyable
70%
Dans un territoire ravagé par la violence et la cupidité, un mystérieux étranger arrive dans une ville frontalière où deux clans rivaux se disputent le contrôle, offrant ses services de tueur à gages pour semer le chaos et tirer profit du conflit, dans un jeu mortel où les alliances changent aussi vite que les balles sifflent.Sergio Leone1964Pour une poignée de dollars
70%
Un officier de l'Union désabusé trouve un nouveau but en vivant parmi une tribu de Sioux, découvrant leur culture et leur mode de vie. Mais sa loyauté est mise à l'épreuve lorsque le gouvernement américain menace leur existence, le forçant à choisir entre son devoir et son respect pour les Indiens.Kevin Costner1990Danse avec les loups
67%
Dans un paysage désertique et impitoyable, deux chasseurs de primes aux méthodes différentes unissent leurs forces pour traquer un criminel notoire, mais leur alliance est mise à l'épreuve lorsque des secrets et des ambitions personnelles sont révélés dans une quête sans merci pour l'argent et la vengeance.Sergio Leone1965Et pour quelques dollars de plus
67%
Dans un refuge isolé pendant une tempête de neige, huit étrangers aux passés troubles doivent naviguer à travers les mensonges, les trahisons et les affrontements violents alors qu'ils luttent pour leur survie dans le Wyoming post-Guerre Civile.Quentin Tarantino2015Les 8 salopards
60%
Dans une ville frontalière du Texas, le shérif local et ses alliés improbables, dont un alcoolique vieillissant et un jeune tireur, unissent leurs forces pour défendre la justice contre une bande de hors-la-loi sans merci, déclenchant un affrontement intense où le courage et la loyauté sont mis à l'épreuve dans les rues poussiéreuses de Rio Bravo.Howard Hawks1959Rio Bravo
60%
Dans un petit village isolé, un shérif en proie au doute et à la peur se voit contraint de relever un défi impossible : affronter un dangereux hors-la-loi qui menace la tranquillité de la communauté, dans une lutte où le courage et la résilience se mesurent à la sinistre mélodie du train qui s'approche, annonçant un destin inéluctable.Fred Zinnemann1957Le train sifflera 3 fois
47%
Dans les vastes étendues désertiques, un groupe de pionniers se lance dans une mission de sauvetage désespérée après l'enlèvement de deux jeunes femmes par des Indiens. Leur périple les confronte à des défis mortels alors qu'ils luttent pour retrouver les captives, plongeant dans les profondeurs de la cruauté humaine et de la résilience dans un Far West impitoyable.John Ford1956La prisonnière du désert
40%
Dans les vastes étendues désertiques, un étranger mystérieux chevauche vers une ville sinistre, porteur d'un passé trouble et d'une quête de justice personnelle, déclenchant un affrontement brutal avec les tyrans locaux et révélant des secrets enfouis dans les terres sauvages de l'Ouest.Clint Eastwood1973L'homme des hautes plaines
37%
Un avocat idéaliste et un cowboy solitaire s'affrontent pour le cœur d'une femme tout en défendant la justice dans une ville sans loi. Mais lorsque la vérité sur la mort d'un bandit est révélée, les fondations de la légende de l'Ouest sont ébranlées, remettant en question le rôle de la loi et de la violence dans la société en plein essor de l'Ouest américain.John Ford1962L'homme qui tua Liberty Valance
33%
Après avoir été blessé, un homme se retrouve recueilli par un mystérieux Indien exilé, entamant ainsi un périple initiatique à travers des paysages désolés où la sagesse ancestrale et la spiritualité se mêlent à la lutte pour la survie.Jim Jarmusch1995Dead Man
30%
Un caméléon domestique en quête d'identité se retrouve égaré dans le désert et finit par devenir le shérif d'une ville du Far West appelée Poussière, où il doit affronter des bandits, des serpents et des problèmes d'eau, tout en découvrant le héros qui sommeille en lui.Gore Verbinski2011Rango
30%
Dans un paysage enneigé impitoyable, un chasseur de primes solitaire se trouve confronté à un groupe de hors-la-loi sans scrupules, alors que le silence glacial du Far West accentue les tensions dans cette lutte brutale pour la survie.Sergio Corbucci1965Le grand silence
27%
Dans le Far West, un jeune admirateur rêve de gloire en se rapprochant d'une légende du crime, mais sa fascination se transforme en obsession malsaine, déclenchant une série d'événements tragiques menant à la chute d'une icône du Far West.Andrew Dominik2007L'assassinat de Jesse James par le lâche Robert Ford
20%
Un groupe d'anciens mercenaires est recruté pour une mission apparemment simple : secourir une riche femme kidnappée au Mexique. Mais alors qu'ils se frayent un chemin à travers les déserts impitoyables et les villes tumultueuses, ils découvrent que rien n'est ce qu'il semble être, confrontés à des trahisons, des dilemmes moraux et des enjeux bien plus importants que prévu.Richard Brooks1966Les professionels
10%
Dans un récit de courage et de moralité, un fermier endetté accepte la mission périlleuse d'escorter un dangereux hors-la-loi jusqu'au train l'emmenant en prison, défiant ainsi les éléments naturels et les assauts incessants de ses hommes de main, dans une course contre la montre où la loyauté et l'intégrité sont mises à l'épreuve jusqu'au bout.Delmer Daves /James Mangold (remake)1957 / 2007Trois heures dix pour Yuma
7%

Distribution des résultats

Percentile par nombre de réponses

% des personnes avec chaque résultat

Votre développement - résultats

Vous n’avez pas pris ce quiz